[Event "Shaoxing (Women) op"]
[Site "Shaoxing"]
[Date "2019.07.16"]
[Round "8"]
[White "Xu, Yuze"]
[Black "Peng, Tianlu"]
[Result "1-0"]
[WhiteElo "2083"]
[BlackElo "1901"]
[PlyCount "61"]
[EventDate "2019.07.08"]
[EventType "swiss"]
[EventRounds "9"]
[EventCountry "CHN"]
[SourceTitle "EXT 2020"]
[Source "ChessBase"]
[SourceDate "2019.10.17"]
[SourceVersion "1"]
[SourceVersionDate "2019.10.17"]
[SourceQuality "1"]

1. e4 c6 2. d4 d5 3. exd5 cxd5 4. c4 Nf6 5. Nc3 g6 6. Bg5 Nbd7 7. cxd5 Bg7 8. d6 exd6 9. Qe2+ Qe7 10. Nb5 Qxe2+ 11. Nxe2 Ke7 12. Nec3 Nb6 13. Nc7 Rb8 14. a4 Kd7 15. a5 Kxc7 16. axb6+ Kxb6 17. Bxf6 Re8+ 18. Be2 Bh6 19. 0-0 a6 20. Bf3 Bf5 21. Nd5+ Ka7 22. Nc7 Bd3 23. Nxe8 Bxf1 24. Nxd6 Bd3 25. Nxf7 Rf8 26. Nxh6 Rxf6 27. Rd1 Bc2 28. Rd2 Re6 29. h3 Ba4 30. d5 Re1+ 31. Kh2 1-0

[Event "Shaoxing (Women) op"]
[Site "Shaoxing"]
[Date "2019.07.15"]
[Round "7"]
[White "Peng, Tianlu"]
[Black "Pujari, Rucha"]
[Result "0-1"]
[WhiteElo "1901"]
[BlackElo "2268"]
[PlyCount "53"]
[EventDate "2019.07.08"]
[EventType "swiss"]
[EventRounds "9"]
[EventCountry "CHN"]
[SourceTitle "EXT 2020"]
[Source "ChessBase"]
[SourceDate "2019.10.17"]
[SourceVersion "1"]
[SourceVersionDate "2019.10.17"]
[SourceQuality "1"]

1. e4 e5 2. Nf3 Nc6 3. d4 exd4 4. c3 d5 5. Nxd4 dxe4 6. Bb5 Bd7 7. Nxc6 Bxc6 8. Qa4 Qd5 9. Bxc6+ Qxc6 10. Qxc6+ bxc6 11. 0-0 f5 12. Be3 Bd6 13. Nd2 Nf6 14. Nc4 Nd5 15. Rad1 0-0 16. Bd4 Nf4 17. Kh1 c5 18. Be5 Nd3 19. f4 Rad8 20. Kg1 Bxe5 21. fxe5 f4 22. Rd2 e3 23. Re2 Rde8 24. g3 g5 25. h4 Nxe5 26. Nxe5 Rxe5 27. Kg2 0-1

[Event "Shaoxing (Women) op"]
[Site "Shaoxing"]
[Date "2019.07.12"]
[Round "5"]
[White "Zhou, Yafei"]
[Black "Peng, Tianlu"]
[Result "1-0"]
[WhiteElo "1720"]
[BlackElo "1901"]
[PlyCount "89"]
[EventDate "2019.07.08"]
[EventType "swiss"]
[EventRounds "9"]
[EventCountry "CHN"]
[SourceTitle "EXT 2020"]
[Source "ChessBase"]
[SourceDate "2019.10.17"]
[SourceVersion "1"]
[SourceVersionDate "2019.10.17"]
[SourceQuality "1"]

1. d4 Nf6 2. c4 e6 3. Nf3 Bb4+ 4. Bd2 a5 5. a3 Bxd2+ 6. Qxd2 0-0 7. Nc3 b6 8. e4 d5 9. e5 Ne4 10. Qc2 Bb7 11. Bd3 Ng5 12. cxd5 Nxf3+ 13. gxf3 g6 14. 0-0-0 Bxd5 15. Nxd5 exd5 16. Rdg1 Qd7 17. Kb1 c5 18. h4 c4 19. Bf5 Qe8 20. h5 g5 21. Rxg5+ Kh8 22. Bxh7 Nc6 23. Qd2 Kxh7 24. Rhg1 Qe6 25. Rg7+ Kh8 26. R1g6 Qf5+ 27. Ka1 Qxg6 28. Rxg6 fxg6 29. Qh6+ Kg8 30. Qxg6+ Kh8 31. Qxc6 Rac8 32. Qxd5 c3 33. bxc3 Rxc3 34. Kb2 Rcxf3 35. e6 Rxf2+ 36. Kb3 b5 37. Qxb5 a4+ 38. Kxa4 Ra8+ 39. Kb3 Rf3+ 40. Kc4 Raxa3 41. Qb8+ Kg7 42. e7 Rac3+ 43. Kd5 Rf5+ 44. Ke4 Rcf3 45. e8Q 1-0

[Event "CHN-chB (Women)"]
[Site "Zhongshan"]
[Date "2015.07.21"]
[Round "10"]
[White "Zhu, Ying"]
[Black "Peng, Tianlu"]
[Result "1-0"]
[WhiteElo "2114"]
[BlackElo "1912"]
[PlyCount "69"]
[EventDate "2015.07.17"]
[EventType "swiss"]
[EventRounds "11"]
[EventCountry "CHN"]
[SourceTitle "CBM 167 Extra"]
[Source "ChessBase"]
[SourceDate "2015.09.14"]
[SourceVersion "1"]
[SourceVersionDate "2015.09.14"]
[SourceQuality "1"]

1. e4 c5 2. Nc3 g6 3. g3 Bg7 4. Bg2 Nc6 5. d3 d6 6. Nge2 Rb8 7. 0-0 b5 8. f4 b4 9. Nd5 e6 10. Ne3 Nd4 11. g4 Nxe2+ 12. Qxe2 Ne7 13. f5 Nc6 14. Qf2 Ne5 15. f6 Bh6 16. Qh4 Bxe3+ 17. Bxe3 h5 18. h3 Kd7 19. g5 Qb6 20. Rfd1 Nc6 21. Qf2 e5 22. Rac1 Rd8 23. c3 bxc3 24. bxc3 Ke8 25. d4 cxd4 26. cxd4 exd4 27. Bxd4 Nxd4 28. Qxd4 Be6 29. a4 Qa5 30. h4 Rb4 31. Qc3 Qxa4 32. Ra1 Qb5 33. Rxa7 Qc5+ 34. Qxc5 dxc5 35. Re7+ 1-0

[Event "CHN-chB (Women)"]
[Site "Zhongshan"]
[Date "2015.07.19"]
[Round "6"]
[White "Zhao, Shengxin"]
[Black "Peng, Tianlu"]
[Result "1-0"]
[WhiteElo "1856"]
[BlackElo "1912"]
[PlyCount "77"]
[EventDate "2015.07.17"]
[EventType "swiss"]
[EventRounds "11"]
[EventCountry "CHN"]
[SourceTitle "CBM 167 Extra"]
[Source "ChessBase"]
[SourceDate "2015.09.14"]
[SourceVersion "1"]
[SourceVersionDate "2015.09.14"]
[SourceQuality "1"]

1. d4 d5 2. Nf3 Nf6 3. c4 c6 4. Qc2 dxc4 5. Qxc4 Bg4 6. Ne5 Be6 7. Qd3 Nbd7 8. Nxd7 Qxd7 9. Nc3 g6 10. e3 Bg7 11. Be2 0-0 12. 0-0 Rac8 13. Rd1 Rfd8 14. e4 Qc7 15. h3 Nd7 16. Be3 Ne5 17. Qc2 Nc4 18. Bxc4 Bxc4 19. Rac1 Rd7 20. Na4 Bb5 21. Nc5 Rdd8 22. a4 Ba6 23. Nxa6 bxa6 24. d5 Be5 25. dxc6 Rxd1+ 26. Qxd1 Bxb2 27. Rc2 Be5 28. g4 Rd8 29. Qe2 Bd4 30. Bxd4 Rxd4 31. Qxa6 Rxe4 32. Qb7 Re1+ 33. Kg2 Qd6 34. c7 Qd1 35. c8Q+ Kg7 36. Qc3+ e5 37. Qxe1 Qxe1 38. Rc7 Kh6 39. Rxf7 1-0

[Event "CHN-chB (Women)"]
[Site "Zhongshan"]
[Date "2015.07.18"]
[Round "4"]
[White "Peng, Tianlu"]
[Black "Wang, Doudou"]
[Result "1/2-1/2"]
[WhiteElo "1912"]
[BlackElo "2162"]
[PlyCount "71"]
[EventDate "2015.07.17"]
[EventType "swiss"]
[EventRounds "11"]
[EventCountry "CHN"]
[SourceTitle "CBM 167 Extra"]
[Source "ChessBase"]
[SourceDate "2015.09.14"]
[SourceVersion "1"]
[SourceVersionDate "2015.09.14"]
[SourceQuality "1"]

1. e4 e5 2. Nf3 Nc6 3. d4 exd4 4. Bc4 Nf6 5. e5 d5 6. Bb5 Ne4 7. Nxd4 Bd7 8. Bxc6 bxc6 9. 0-0 Bc5 10. Be3 Bb6 11. Nd2 Nxd2 12. Qxd2 0-0 13. Bg5 Qc8 14. Rfe1 Re8 15. c3 c5 16. Nf3 Bc6 17. Qf4 Qe6 18. h3 Bd7 19. Qg3 Kh8 20. Rad1 h6 21. Qh4 Qg6 22. Bf4 Bc6 23. Bg3 d4 24. cxd4 Bxf3 25. gxf3 cxd4 26. Re4 c5 27. b3 Rac8 28. Rg4 Qf5 29. Rf4 Qe6 30. Rf6 Qd7 31. Rxh6+ gxh6 32. Qxh6+ Kg8 33. Qg5+ Kf8 34. Qh6+ Kg8 35. Qg5+ Kf8 36. Qh6+ 1/2-1/2

[Event "Zhongshan zt 3.5 (Women)"]
[Site "Zhongshan"]
[Date "2015.07.08"]
[Round "9"]
[White "Ning, Kaiyu"]
[Black "Peng, Tianlu"]
[Result "0-1"]
[WhiteElo "1470"]
[BlackElo "1912"]
[PlyCount "128"]
[EventDate "2015.06.30"]
[EventType "swiss"]
[EventRounds "11"]
[EventCountry "CHN"]
[SourceTitle "CBM 167 Extra"]
[Source "ChessBase"]
[SourceDate "2015.09.14"]
[SourceVersion "1"]
[SourceVersionDate "2015.09.14"]
[SourceQuality "1"]

1. e4 c5 2. Nc3 Nc6 3. g3 g6 4. Bg2 Bg7 5. Nge2 d6 6. d3 Rb8 7. a4 a6 8. Be3 b5 9. axb5 axb5 10. Qd2 Nd4 11. Bxd4 cxd4 12. Nd5 e6 13. Nb4 Ne7 14. 0-0 0-0 15. Ra7 Bb7 16. Rfa1 Qb6 17. Qg5 Nc6 18. R1a6 Bxa6 19. Rxa6 Qd8 20. Qxd8 Nxd8 21. Rxd6 Nb7 22. Rb6 Nc5 23. Rxb8 Rxb8 24. Nc6 Ra8 25. Ncxd4 Ra1+ 26. Bf1 b4 27. f4 b3 28. Nxb3 Nxb3 29. cxb3 Bxb2 30. Kf2 Ra3 31. Ke3 Rxb3 32. Bg2 Kf8 33. Bf3 f6 34. Kd2 Ke7 35. Ke3 e5 36. fxe5 fxe5 37. h3 Rb4 38. Bg2 Bd4+ 39. Nxd4 Rxd4 40. Bf3 Kd6 41. Bd1 Kc5 42. Be2 Kb4 43. Kd2 Rd6 44. Bg4 Ra6 45. Ke3 Kc3 46. Bd7 Rb6 47. Bg4 Rb2 48. Bf3 Rd2 49. Be2 h6 50. Bf1 Rd1 51. Be2 Re1 52. Kf2 Kd2 53. Bf3 Re3 54. Kg2 Rxd3 55. Kf2 Re3 56. Bd1 Rxe4 57. Bf3 Re3 58. Bd5 e4 59. h4 h5 60. g4 hxg4 61. h5 gxh5 62. Kg2 h4 63. Bc4 Rg3+ 64. Kh2 e3 0-1

[Event "Zhongshan zt 3.5 (Women)"]
[Site "Zhongshan"]
[Date "2015.06.30"]
[Round "1"]
[White "Wang, Jue"]
[Black "Peng, Tianlu"]
[Result "1-0"]
[WhiteElo "2367"]
[BlackElo "1912"]
[PlyCount "63"]
[EventDate "2015.06.30"]
[EventType "swiss"]
[EventRounds "11"]
[EventCountry "CHN"]
[SourceTitle "CBM 167 Extra"]
[Source "ChessBase"]
[SourceDate "2015.09.14"]
[SourceVersion "1"]
[SourceVersionDate "2015.09.14"]
[SourceQuality "1"]

1. e4 c5 2. Nf3 Nc6 3. Bb5 g6 4. Bxc6 dxc6 5. d3 Bg7 6. h3 e5 7. a3 Ne7 8. b4 cxb4 9. axb4 0-0 10. Bb2 Qc7 11. Nbd2 Be6 12. Ng5 Qd6 13. Nxe6 Qxe6 14. 0-0 Rfc8 15. Nb3 b6 16. Ra6 f5 17. Qa1 f4 18. f3 g5 19. Rxa7 Rxa7 20. Qxa7 h5 21. Qxb6 g4 22. Nc5 Qg6 23. hxg4 hxg4 24. fxg4 Qxg4 25. Qb7 Bf6 26. Qd7 Qe2 27. Bxe5 Qe3+ 28. Kh1 Bxe5 29. Qe6+ Kh7 30. Qxe7+ Bg7 31. Ne6 Qg3 32. Qxg7+ 1-0

[Event "Saint Louis op 4th"]
[Site "Saint Louis"]
[Date "2013.12.01"]
[Round "4"]
[White "Vergilesov, Alexander"]
[Black "Peng, Tianlu"]
[Result "1-0"]
[WhiteElo "2050"]
[BlackElo "1961"]
[PlyCount "141"]
[EventDate "2013.11.30"]
[EventType "swiss"]
[EventRounds "5"]
[EventCountry "USA"]
[SourceTitle "CBM 157 Extra"]
[Source "ChessBase"]
[SourceDate "2013.12.19"]
[SourceVersion "1"]
[SourceVersionDate "2013.12.19"]
[SourceQuality "1"]

1. e4 c5 2. b4 cxb4 3. Bb2 d5 4. exd5 Qxd5 5. Be2 Nf6 6. Bf3 Qc4 7. d3 Qc7 8. Qe2 Nc6 9. Nd2 Bf5 10. h3 0-0-0 11. Nc4 Nd5 12. Bxd5 Rxd5 13. Ne3 Ra5 14. Nf3 e6 15. Nd2 Be7 16. Nb3 Ra6 17. g4 Bg6 18. Bxg7 Rg8 19. Bb2 Na5 20. h4 h6 21. Qf3 Bd6 22. Nxa5 Rxa5 23. Nc4 Ra6 24. Rb1 Bf4 25. a3 Rc6 26. axb4 Kb8 27. Ne3 Ka8 28. b5 Rxc2 29. Nxc2 Qxc2 30. 0-0 Qc7 31. b6 Qd6 32. Ra1 Qxb6 33. Qxf4 Qxb2 34. Qe3 a6 35. Rfb1 Qc3 36. Qb6 Qc8 37. Rc1 Qb8 38. Rc7 Bxd3 39. f3 f5 40. Rd1 Bb5 41. Rd4 fxg4 42. Rxg4 h5 43. Qxb7+ Qxb7 44. Rxg8+ Ka7 45. Rxb7+ Kxb7 46. Kf2 Kc7 47. Rg5 Be8 48. Ke3 Kd6 49. f4 Ke7 50. Kd4 Kf6 51. Re5 Bf7 52. Kc5 Be8 53. Kb6 Bb5 54. Rxh5 Bd3 55. Re5 Bc4 56. Kc7 Bd5 57. Kd6 Bb3 58. h5 Kg7 59. Ke7 Kh6 60. Kf6 Bc4 61. Ra5 Bb5 62. Kxe6 Kxh5 63. f5 Kh6 64. Ke7 Bc4 65. f6 Kg6 66. Rxa6 Bxa6 67. f7 Bd3 68. f8Q Bf5 69. Qf7+ Kg5 70. Qf6+ Kf4 71. Kd6 1-0